000 00690nam a2200241 i 4500
001 C2-0268477
003 PPAK
005 20180727235401.0
008 060808s1994 nyu |||| ||||| | eng d
020 _a0070476098
040 _aPPAK
_beng
_cPPAK
_erda
082 0 4 _a540
_223
090 0 0 _a540
_bODI
_dR
100 1 _aOdian, George,
_eauthor
245 1 0 _aSchaum's outlines general, organic and biological chemistry
264 1 _aNew York :
_bMcGraw-Hill ,
_c1994
300 _avii, 501 pages ;
_c28 cm
336 _2rdacontent
_atext
337 _2rdamedia
_aunmediated
338 _2rdacarrier
_avolume
650 1 0 _aChemistry, Organic - Problems, Exercises, etc.
942 _ddc
_cB
999 _c77276
_d77276